000 00629nam a22002057a 4500
005 20251108164141.0
008 250721s1988 xx 000 0 ara d
082 1 4 _aم/922.11/أعظ
100 1 _aالأعظمي، محمد حسن
245 1 0 _aالأعلام الخمسة للشعر الإسلامي /
264 1 _aبيروت :
_bمؤسسة عزالدين،
_c1988.
300 _a471ص
650 1 7 _aالتراجم
650 1 7 _aالأدب العربي
650 1 7 _aالشعر العربي
700 1 _aشعلان، الصاوي
700 1 _aغالب، مصطفى
_eتحقيق
942 _2ddc
_cREF
999 _c4913
_d4913